书目信息 |
| 题名: |
传承与发展
|
|
| 作者: | 钟守权 著 | |
| 分册: | ||
| 出版信息: | 广州 广东高等教育出版社 2021.01 |
|
| 页数: | 222页 | |
| 开本: | 26cm | |
| 丛书名: | ||
| 单 册: | ||
| 中图分类: | G623.1 | |
| 科图分类: | ||
| 主题词: | 政治课--zheng zhi ke--教学研究--小学 | |
| 电子资源: | ||
| ISBN: | 978-7-5361-6278-5 | |
| 000 | 00955nam0 2200265 450 | |
| 001 | 012001000299 | |
| 005 | 20141201130906.0 | |
| 010 | @a978-7-5361-6278-5@dCNY42.00 | |
| 099 | @aCAL 012019044986 | |
| 100 | @a20220905d2018 em y0chiy50 ea | |
| 101 | 0 | @achi |
| 102 | @aCN@b440000 | |
| 105 | @ay a 000yy | |
| 106 | @ar | |
| 200 | 1 | @a传承与发展@Achuan cheng yu fa zhan@e道德与法治课程教学初论@f钟守权著 |
| 210 | @a广州@c广东高等教育出版社@d2021.01 | |
| 215 | @a222页@d26cm | |
| 320 | @a有书目 (第222页) | |
| 330 | @a本书共分10章,包括新时代道德与法治课程转型三题、道德与法治课程教学的基本理念与方法、个人发展教育主题解析与课例分析、家庭教育主题解析与课例分析等内容。 | |
| 517 | 1 | @a道德与法治课程教学初论@Adao de yu fa zhi ke cheng jiao xue chu lun |
| 606 | 0 | @a政治课@Azheng zhi ke@x教学研究@x小学 |
| 690 | @aG623.1@v5 | |
| 701 | 0 | @a钟守权@Azhong shou quan@4著 |
| 801 | 0 | @aCN@bAHXH@c20221111 |
| 905 | @b1369098-101@dG623.1@e2725@f4 | |
| 传承与发展:道德与法治课程教学初论/钟守权著.-广州:广东高等教育出版社,2021.01 |
| 222页;26cm |
| ISBN 978-7-5361-6278-5:CNY42.00 |
| 本书共分10章,包括新时代道德与法治课程转型三题、道德与法治课程教学的基本理念与方法、个人发展教育主题解析与课例分析、家庭教育主题解析与课例分析等内容。 |
| ● |
| 相关链接 |
|
|
|
|
正题名:传承与发展
索取号:G623.1/2725
 
预约/预借
| 序号 | 登录号 | 条形码 | 馆藏地/架位号 | 状态 | 备注 |
| 1 | 1369098 | 213690987 | 第一样本阅览室/ [索取号:G623.1/2725] | 在馆 | |
| 2 | 1369099 | 213690996 | 教育系资料室/ [索取号:G623.1/2725] | 在馆 | |
| 3 | 1369100 | 213691003 | 教育系资料室/ [索取号:G623.1/2725] | 在馆 | |
| 4 | 1369101 | 213691012 | 第四借阅区/ [索取号:G623.1/2725] | 在馆 |